| 000 | 01311cam a2200337 a 4500 | ||
|---|---|---|---|
| 001 | 000006023 | ||
| 005 | 20240502094959.0 | ||
| 008 | 790716s1978 mx a 001 0 spa | ||
| 020 | _a968230265X | ||
| 020 | _a9682302935 (vol.1) | ||
| 020 | _a9682302943 (vol.2) | ||
| 040 |
_aDO-SdBNP _bspa _cNNPHU |
||
| 082 |
_a972.91 _bC355a |
||
| 100 | 1 |
_aCastro, Fidel _q(Fidel Alejandro Castro Ruz), _d1926- _916176 |
|
| 240 | 1 | 0 | _aAsí se derrotó al imperialismo |
| 245 | 1 | 0 |
_aAsí se derrotó al imperialismo : _bpreparando la defensa / _cFidel Castro, Osvaldo Dorticós, Raúl Roa. |
| 260 |
_aMéxico : _bSiglo Veintiuno, _c1978. |
||
| 300 |
_a2 v. : _bil. ; _c22 cm. |
||
| 490 | 1 | _aAmérica nuestra. | |
| 490 | 1 |
_aCaminos de liberación _vvol. 1 no. 19. |
|
| 500 | _aSub título del volumen II: el combate y la victoria | ||
| 651 | 4 |
_aCuba _xHistoria _y1959-1990 _vFUENTES _92933 |
|
| 651 | 4 |
_aCuba _xHistoria _yINVASIÓN, 1961 _vFUENTES _916968 |
|
| 650 | 4 |
_aSocialismo _zCuba _xHistoria _916969 |
|
| 650 | 4 |
_aImperialismo _xHistoria _916970 |
|
| 700 | 1 |
_aCastro, Fidel _d 1926-2016 _916971 |
|
| 700 | 1 |
_aDorticós, Osvaldo. _916972 |
|
| 700 | 1 |
_aRoa, Raúl. _916973 |
|
| 830 | 0 |
_aAmérica nuestra. _pcaminos de liberación _vvol. 1 19. _916974 |
|
| 830 | 0 |
_aAmérica nuestra. _pcaminos de liberación _vvol. 2 20. _916974 |
|
| 999 |
_c5819 _d5819 |
||